Cambridge English : compact first /

Hlavní autor: May, Peter, 1951 červen 11.-
Korporativní autor: University of Cambridge. Cambridge English Language Assessment
Další autoři: University of Cambridge. ESOL Examinations
Jazyk: Angličtina
Vydáno: [Cambridge] : Cambridge University Press, [2014]
Vydání: Second edition
Témata:
Externí odkaz: Audio soubory ke stažení:
Fyzický popis: 3 svazky : ilustrace ; 28 cm
Knihy
Uloženo v:
LEADER 03375nam a2200673 ia4500
001 001479596
003 CZ BrMZK
005 20160727095048.0
007 ta
008 150716t20142014xxka e p 000 0 eng
020 |a 978-1-107-42856-0  |q (workbook with answers :  |q brožováno) 
020 |a 978-1-107-42857-7  |q (teacher's book :  |q brožováno) 
020 |a 978-1-107-42845-4  |q (student's book with answers :  |q brožováno) 
040 |a BOA001  |b cze  |e rda 
072 7 |a 811.111  |x Angličtina  |2 Konspekt  |9 11 
072 7 |a 37.016  |x Učební osnovy. Vyučovací předměty. Učebnice  |2 Konspekt  |9 22 
080 |a 811.111  |2 MRF 
080 |a 81'24:371.27  |2 MRF 
080 |a (07.064)81  |2 MRF 
080 |a (076.1)  |2 MRF 
080 |a (072)  |2 MRF 
100 1 |a May, Peter,  |d 1951 červen 11.-  |7 xx0037292  |4 aut 
245 1 0 |a Cambridge English :  |b compact first /  |c Peter May 
246 3 0 |a Compact first 
246 3 0 |a Cambridge English - compact first 
250 |a Second edition 
264 1 |a [Cambridge] :  |b Cambridge University Press,  |c [2014] 
264 4 |c ©2014 
300 |a 3 svazky :  |b ilustrace ;  |c 28 cm 
336 |a text  |b txt  |2 rdacontent 
336 |a mluvené slovo  |b spw  |2 rdacontent 
336 |a počítačový datový soubor  |b cod  |2 rdacontent 
337 |a bez média  |b n  |2 rdamedia 
337 |a audio  |b s  |2 rdamedia 
337 |a počítač  |b c  |2 rdamedia 
338 |a svazek  |b nc  |2 rdacarrier 
500 |a Nad názvem: Cambridge English Language Assessment part of the University of Cambridge 
500 |a Nad názvem: University of Cambridge ESOL examinations 
500 |a Na obálce pod názvem: for revised exam from 2015 
500 |a Na obálce označení: B2 
505 0 |a workbook with answers. ©2014. 63 stran -- teacher's book. ©2014. 94 stran -- students's book with answers. 159 stran. ©2014 + 2 class audio CD + 1 CD-ROM 
650 0 7 |a angličtina  |7 ph114056  |2 czenas 
650 0 7 |a jazykové zkoušky  |7 ph466388  |2 czenas 
650 0 7 |a First Certificate in English  |7 ph499651  |2 czenas 
653 0 |a jazyková úroveň B2 
655 7 |a jazykové učebnice, texty, příručky (B)  |7 fd600891  |2 czenas 
655 7 |a pracovní sešity  |7 fd133116  |2 czenas 
655 7 |a metodické příručky  |7 fd132826  |2 czenas 
710 2 |a University of Cambridge.  |b Cambridge English Language Assessment  |7 xx0185779  |4 isb 
710 2 |a University of Cambridge.  |b ESOL Examinations  |7 xx0073568 
856 4 2 |3 Audio soubory ke stažení:  |u http://www.cambridge.org/compactfirst2 
910 |a BOA001  |b 3-1351.075  |b CDR-1351.075 
990 |a BK 
991 |b 201508  |c NOV  |e n  |x 99 
996 7 |b 2610639114  |c 3-1351.075  |d 1,workbook with answers  |v 1  |l Anglická knihovna/2.patro  |r ZHR  |n 8  |p kupz  |h XF 4  |w 001515008  |u 000010  |a 0  |e BOA001  |j MZK50  |s A 
996 7 |b 2610639115  |c 3-1351.075  |d 2,teacher's book  |v 2  |l Anglická knihovna/2.patro  |r ZHR  |n 7  |p kupz  |h XF 4  |w 001515008  |u 000020  |a 0  |e BOA001  |j MZK50  |s A 
996 7 |b 2610643139  |c 3-1351.075  |d 3,student's book pack  |v 3  |l Anglická knihovna/2.patro  |r ZHR  |n 10  |p kupz  |h XF 4  |w 001515008  |u 000030  |a 0  |e BOA001  |j MZK50  |s A 
996 7 |b DKAA000305  |c CDR-1351.075  |d 3,student's book pack CD 1-2  |v 3  |l Anglická knihovna/2.patro  |r ZHR  |n 9  |p kupz  |h CD-A 925  |w 001515008  |u 000040  |a 0  |e BOA001  |j MZK50  |s A 
996 7 |b DKAA000306  |c CDR-1351.075  |d 3,student's book pack CD-ROM  |v 3  |l Anglická knihovna/2.patro  |r ZHR  |n 6  |p kupz  |h CD-R 343  |w 001515008  |u 000050  |a 0  |e BOA001  |j MZK50  |s A